| 000 | 00685nam a22001577a 4500 | ||
|---|---|---|---|
| 003 | OSt | ||
| 005 | 20151201093354.0 | ||
| 008 | 151201b xxu||||| |||| 00| 0 eng d | ||
| 040 | _cRUA | ||
| 082 | _aFIS SOM 2000 B172 Or.1 | ||
| 100 |
_94049 _aSOM, PISETH. |
||
| 245 | _afattering of mud crab in semi-intensive in khan prey nup, sihanouk ville (ការចិញ្ចឹមបំប៉នក្តាមថ្មតាមបែបពាក់កណ្តាលប្រពលវប្បកម្ម ក្នុងខ័ណ្ឌព្រៃនប់ ក្រុងព្រះសីហនុ) | ||
| 260 |
_aPhnom Penh _bRUA _c2000 |
||
| 300 |
_a73p. _bill. _c29cm. |
||
| 942 |
_2ddc _cFIS |
||
| 999 |
_c3768 _d3768 |
||